| 000 | 00494nam a22001697a 4500 | ||
|---|---|---|---|
| 005 | 20231201140857.0 | ||
| 008 | 231201b |||||||| |||| 00| 0 eng d | ||
| 020 | _a9780409122329 | ||
| 041 | _aEnglish | ||
| 082 | _a349 JOU | ||
| 100 |
_aJoubert, WA _lEnglish |
||
| 245 |
_aThe Law of South Africa / _cWA Joubert |
||
| 260 |
_aDurban : _bLexisNexis (Pty) Ltd, _c2015 |
||
| 300 |
_b1198 pages ; _c26 cm. |
||
| 650 |
_aLegal practice _bLaw |
||
| 942 |
_cBK _6ALISON_BN_VRIES |
||
| 999 |
_c1097 _d1097 |
||